An introduction to the sun and star.(2nd edition). (Record no. 48061)
[ view plain ]
| 000 -LEADER | |
|---|---|
| fixed length control field | 00723nam a2200193 a 4500 |
| 008 - FIXED-LENGTH DATA ELEMENTS--GENERAL INFORMATION | |
| fixed length control field | 200722s2015 ||||||||||||||||| || u |
| 020 ## - INTERNATIONAL STANDARD BOOK NUMBER | |
| International Standard Book Number | 9781107492639 |
| 050 ## - LIBRARY OF CONGRESS CALL NUMBER | |
| Classification number | QB 801 Int |
| 100 ## - MAIN ENTRY--PERSONAL NAME | |
| Personal name | Green, Simon F |
| 245 13 - TITLE STATEMENT | |
| Title | An introduction to the sun and star.(2nd edition). |
| Statement of responsibility, etc. | Edited by Simon F. Green; Mark H. Jones |
| 250 ## - EDITION STATEMENT | |
| Edition statement | 2nd edition |
| 260 ## - PUBLICATION, DISTRIBUTION, ETC. | |
| Place of publication, distribution, etc. | Cambridge |
| Name of publisher, distributor, etc. | Cambridge University Press |
| Date of publication, distribution, etc. | 2015 |
| 300 ## - PHYSICAL DESCRIPTION | |
| Extent | 372 pages : illustrations |
| 350 ## - PRICE (NR) (BK AM CF MU VM SE) [OBSOLETE] | |
| Price | 65.59 |
| 650 #0 - SUBJECT ADDED ENTRY--TOPICAL TERM | |
| Topical term or geographic name entry element | ASTRONOMY--TEXTBOOKS |
| 650 ## - SUBJECT ADDED ENTRY--TOPICAL TERM | |
| Topical term or geographic name entry element | STARS--TEXTBOOKS |
| 700 ## - ADDED ENTRY--PERSONAL NAME | |
| Personal name | Jones, Mark H |
| 995 ## - RECOMMENDATION 995 [LOCAL, UNIMARC FRANCE] | |
| -- | CBU-MAIN LIBRARY (Kitwe) |
| -- | 65.59 |
| -- | 1 |
| -- | AVAILABLE |
| -- | Jul 24, 2020 |
| -- | Main Library Open Access Collection |
| Withdrawn status | Lost status | Source of classification or shelving scheme | Damaged status | Not for loan | Home library | Current library | Shelving location | Date acquired | Total Checkouts | Full call number | Barcode | Date last seen | Price effective from | Koha item type |
|---|---|---|---|---|---|---|---|---|---|---|---|---|---|---|
| CBU-MAIN LIBRARY, KITWE. | CBU-MAIN LIBRARY, KITWE. | 11/30/2022 | QB 801 Int | 750386 | 11/30/2022 | 11/30/2022 | MONOGRAPH |